|
|
|
|
| LEADER |
02804nam a2200697 a 4500 |
| 001 |
nkc20081818146 |
| 003 |
CZ PrNK |
| 005 |
20090604140249.0 |
| 007 |
ta |
| 008 |
080904s2008 xr a e p 000 0 cze |
| 015 |
|
|
|a cnb001818146
|
| 020 |
|
|
|a 978-80-01-04149-9
|q (brož.)
|
| 035 |
|
|
|a (OCoLC)320484189
|
| 040 |
|
|
|a BOA001
|b cze
|
| 043 |
|
|
|a e-xr---
|b e-xr-st
|2 czenas
|
| 072 |
|
7 |
|a 624
|x Stavební inženýrství
|2 Konspekt
|9 19
|
| 072 |
|
7 |
|a 37.016
|x Učební osnovy. Vyučovací předměty. Učebnice
|2 Konspekt
|9 22
|
| 080 |
|
|
|a 622.26
|2 MRF
|
| 080 |
|
|
|a 37.091.3
|2 MRF
|
| 080 |
|
|
|a 624.13
|2 MRF
|
| 080 |
|
|
|a 624.131.1
|2 MRF
|
| 080 |
|
|
|a 528.4
|2 MRF
|
| 080 |
|
|
|a 624.1
|2 MRF
|
| 080 |
|
|
|a (437.312)
|2 MRF
|
| 080 |
|
|
|a (075.8)
|2 MRF
|
| 080 |
|
|
|a (076.5)
|2 MRF
|
| 245 |
0 |
0 |
|a Praktická cvičení v UEF Josef /
|c Barták ... [et al.]
|
| 250 |
|
|
|a Vyd. 1.
|
| 260 |
|
|
|a Praha :
|b České vysoké učení technické v Praze, Fakulta stavební,
|c 2008
|
| 300 |
|
|
|a 152 s. :
|b il. (některé barev.) ;
|c 30 cm
|
| 500 |
|
|
|a Vydáno v rámci projektu JPD3 "Podzemní výukové středisko Josef", registrační č. projektu CZ.04.3.07/3.1.01.3/3148
|
| 500 |
|
|
|a Název z obálky
|
| 504 |
|
|
|a Obsahuje bibliografii
|
| 610 |
2 |
7 |
|a České vysoké učení technické v Praze.
|b Podzemní výukové středisko Josef
|7 kn20090420010
|2 czenas
|
| 650 |
0 |
7 |
|a podzemní štoly
|7 ph137558
|z Česko
|2 czenas
|
| 650 |
0 |
7 |
|a studium a výuka
|7 ph136700
|2 czenas
|
| 650 |
0 |
7 |
|a geotechnika
|7 ph120545
|2 czenas
|
| 650 |
0 |
7 |
|a inženýrská geologie
|7 ph121179
|2 czenas
|
| 650 |
0 |
7 |
|a inženýrská geodézie
|7 ph121177
|2 czenas
|
| 650 |
0 |
7 |
|a podzemní stavby
|7 ph124177
|2 czenas
|
| 650 |
0 |
9 |
|a drifts (mining)
|z Czechia
|2 eczenas
|
| 650 |
0 |
9 |
|a study and teaching
|2 eczenas
|
| 650 |
0 |
9 |
|a geotechnics
|2 eczenas
|
| 650 |
0 |
9 |
|a engineering geology
|2 eczenas
|
| 650 |
0 |
9 |
|a engineering geodesy
|2 eczenas
|
| 650 |
0 |
9 |
|a underground construction
|2 eczenas
|
| 651 |
|
7 |
|a Smilovice (Chotilsko, Česko)
|7 ge509314
|2 czenas
|
| 651 |
|
7 |
|a Mokrsko (Chotilsko, Česko : oblast)
|7 ge480710
|2 czenas
|
| 651 |
|
9 |
|a Smilovice (Chotilsko, Czechia)
|2 eczenas
|
| 651 |
|
9 |
|a Mokrsko Region (Chotilsko, Czechia)
|2 eczenas
|
| 655 |
|
7 |
|a učebnice vysokých škol
|7 fd133772
|2 czenas
|
| 655 |
|
7 |
|a praktická cvičení
|7 fd133118
|2 czenas
|
| 655 |
|
9 |
|a textbooks (higher)
|2 eczenas
|
| 655 |
|
9 |
|a problems, exercises, etc
|2 eczenas
|
| 700 |
1 |
|
|a Barták, Jiří,
|d 1939 červen 13.-
|7 jo2002112149
|4 aut
|
| 856 |
4 |
1 |
|u http://www.digitalniknihovna.cz/mzk/uuid/uuid:65cb8da0-0b8b-11ea-af21-005056827e52
|y Digitalizovaný dokument
|x NDK
|
| 910 |
2 |
|
|a BOA001
|b 4-1210.342
|
| 990 |
|
|
|a BK
|
| 995 |
|
|
|a 01
|
| 991 |
|
|
|b 200809
|c NOV
|
| 996 |
6 |
|
|b 2610353175
|c 4-1210.342
|l MZK
|r Sklad / do 1 hodiny
|n 1
|p p.v.
|w 000910994
|u 000010
|a 1
|e BOA001
|j MZK50
|s P
|